000 00541nam a22001817a 4500
003 CEME
005 20210628203115.0
008 210127b xxu||||| |||| 00| 0 eng d
020 _a9812-53-027-4
040 _c.
082 _a658.5 ASK
100 _aAskin, Ronald. G; Goldberg, Jeffrey. B
_963346
245 _aDesign and analysis of lean production systems
260 _aINDIA
_bJOHN WILEY AND SONS
_c2003
300 _aXIV,533P
650 _aPRODUCTION MANAGEMENT, COSTS, INDUSTRIAL.LEAN PRODUCTION SYSTEMS
_963347
942 _cBK
_2ddc
999 _c572202
_d572202